000 00678nam a2200289Ia 4500
005 20260324135132.0
008 008 260324s9999 xx 000 0 eng d
020 _a9781315828718
037 _aEBOOK
040 _aCRL
040 _beng
040 _cCRL
041 _2eng
041 _aeng
084 _qCRL
100 _aGeorge Antonius
_91199469
245 4 _aThe Arab Awakening
245 4 _bThe Story of the National Arab Movement
260 _bTaylor and Francis
260 _c2000
365 _a
365 _b300
856 _uhttp://www.taylorfrancis.com/books/9781315828718
942 _cEBOOK
999 _c1800230
_d1800230